César Vallejo en el siglo XXI (Record no. 7763)

MARC details
000 -LEADER
campo de control de longitud fija 00238nam a2200097Ia 4500
005 - FECHA Y HORA DE LA ÚLTIMA TRANSACCIÓN
campo de control 20251222141852.0
008 - DATOS DE LONGITUD FIJA--INFORMACIÓN GENERAL
campo de control de longitud fija 251222s9999||||xx |||||||||||||| ||spa||
100 ## - ENTRADA PRINCIPAL--NOMBRE DE PERSONA
Nombre de persona "Naranjo, Reynaldo"
245 #0 - MENCIÓN DEL TÍTULO
Título César Vallejo en el siglo XXI
942 ## - ELEMENTOS DE ENTRADA SECUNDARIOS (KOHA)
Tipo de ítem Koha Libros
Holdings
Estatus retirado Estado de pérdida Estado de daño No para préstamo Biblioteca de origen Biblioteca actual Ubicación en estantería Fecha de adquisición Total de préstamos Signatura topográfica completa Código de barras Visto por última vez Precio de reemplazo Tipo de ítem Koha
        Biblioteca Central Biblioteca Central Programa 22/12/2025   67 0004535 22/12/2025 22/12/2025 Libros